Introducción a la lógica

Guardat en:
Dades bibliogràfiques
Autor principal: Cohen, Morris
Format: Llibre
Idioma:Undetermined
Publicat: México, Distrito Federal Fondo de Cultura Económica 1993
Edició:8
Matèries:
Etiquetes: Afegir etiqueta
Sense etiquetes, Sigues el primer a etiquetar aquest registre!

MARC

LEADER 00000nam a2200000Ia 4500
008 170316s9999 xx 000 0 und d
090 |a 100 C-30i 
100 |a Cohen, Morris 
245 |a Introducción a la lógica 
250 |a 8 
260 |a México, Distrito Federal 
260 |b Fondo de Cultura Económica 
260 |c 1993 
300 |a 254 páginas 
650 |a FILOSOFÍA 
999 |c 15902  |d 15902 
040 |a cru BVZT 
942 |c 15 D  |h 100 C-30i  |2 z